| 000 | 00715nam a2200217Ia 4500 | ||
|---|---|---|---|
| 999 |
_c39343 _d39343 |
||
| 001 | 5930 | ||
| 003 | GE_BSU | ||
| 005 | 20190826102655.0 | ||
| 008 | 181216s1937||||ge |||||||||||||| ||geo|| | ||
| 040 | _cGE_BSU | ||
| 041 | _ageo | ||
| 080 | _a821.353.1-1 ა-13 | ||
| 100 |
_aაბაშიძე, ირაკლი _93740 |
||
| 245 |
_aლექსები / _cირაკლი აბაშიძე ; რედ. ბ. ჟღენტი. |
||
| 264 |
_aტბილისი : _bფედერაცია ; _c1937. |
||
| 300 |
_a60 გვ. ; _c15 სმ. |
||
| 541 | _h5ლ. | ||
| 653 | _aლექსები | ||
| 700 |
_aჟღენტი, ბ. _eრედაქტორი _93779 |
||
| 942 |
_cBK _2udc |
||